Hodnotenie environmentálnych rizík
Gespeichert in:
| 1. Verfasser: | |
|---|---|
| Weitere Verfasser: | |
| Format: | Manuskript Buch |
| Sprache: | Slowakisch |
| Veröffentlicht: |
2015
|
| Schlagworte: | |
| Online-Zugang: | http://is.stuba.sk/zp/portal_zp.pl?podrobnosti=99964 https://opac.crzp.sk/?fn=detailBiblioForm&sid=8E4B6E07E50410EA9BB5A43E14E1 |
| Tags: |
Keine Tags, Fügen Sie das erste Tag hinzu!
|
MARC
| LEADER | 00000ntm a22000003a 4500 | ||
|---|---|---|---|
| 001 | stuzp51863 | ||
| 003 | SK-STU | ||
| 005 | 20230721113124.6 | ||
| 007 | ta | ||
| 008 | 150427s2015----xo-----f-mn---000-0-slo-d | ||
| 040 | |a STU |b slo | ||
| 041 | 0 | |a slo | |
| 100 | 1 | |a Belicová, Michaela |u 010280 |4 aut |U SvF Stavebná fakulta |T SvF Katedra zdravotného inžinierstva |X 55668 |U V280 |Y 29 |7 55668 | |
| 242 | 0 | 1 | |a Environmental risk assessment |y eng |
| 245 | 1 | 0 | |a Hodnotenie environmentálnych rizík |
| 260 | |c 2015 | ||
| 650 | 4 | |a hodnotenie rizika |2 slo | |
| 650 | 4 | |a skládka |2 slo | |
| 650 | 4 | |a environmentálna záťaž |2 slo | |
| 650 | 4 | |a enviromental burden |2 eng | |
| 650 | 4 | |a risk assessment |2 eng | |
| 650 | 4 | |a dump |2 eng | |
| 700 | 1 | |a Škultétyová, Ivona |4 ths |X 2732 |7 A000002732 | |
| 856 | 4 | |u http://is.stuba.sk/zp/portal_zp.pl?podrobnosti=99964 | |
| 856 | 4 | |u https://opac.crzp.sk/?fn=detailBiblioForm&sid=8E4B6E07E50410EA9BB5A43E14E1 | |
| SQL | |a stuzp51863 |b DBP |c SLO |d Hodnotenie environmentálnych rizík |e 55668 |f Belicová, Michaela |g 010280 |h 2732 |i Škultétyová, Ivona |j 20150623 |k 985 |l 01 |m http://is.stuba.sk/zp/portal_zp.pl?podrobnosti=99964 |n B-STOP |o 5.2.8. stavebníctvo, 6.4.1. vodné hospodárstvo | ||